Colección de discursos parlamentarios
Saved in:
| Hovedforfatter: | |
|---|---|
| Format: | Bog |
| Sprog: | spansk |
| Udgivet: |
Santiago
Cervantes
1892
|
| Serier: | Biblioteca del Partido Conservador Chileno, 1
|
| Fag: | |
| Tags: |
Tilføj Tag
Ingen Tags, Vær først til at tagge denne postø!
|
MARC
| LEADER | 00000nam a2200000 a 4500 | ||
|---|---|---|---|
| 001 | UCR0624 | ||
| 003 | CL-VaPUC | ||
| 008 | 971205e18920000CL |||||||||||||||||spa|d | ||
| 082 | 0 | 4 | |a 328.35 |b IRA |2 21 |
| 100 | |a Irarrázaval y Larraín, Manuel José |e author |9 478208 | ||
| 245 | 1 | 0 | |a Colección de discursos parlamentarios |
| 300 | |a v | ||
| 942 | |c BK | ||
| 945 | |d 19971205 00:00:00 |a cmena | ||
| 260 | |a Santiago |b Cervantes |c 1892 | ||
| 600 | 0 | |a Congreso Nacional de Chile |9 256491 | |
| 600 | 0 | |a Cámara de diputados |9 256490 | |
| 600 | 0 | 7 | |a CAMARA DE SENADORES |2 CL-VaPUC |9 382797 |
| 650 | 0 | |a Poder legislativo |9 258808 | |
| 650 | 0 | |a Reuniones |9 310711 | |
| 650 | 0 | |a Administración pública |9 255343 | |
| 650 | 7 | |a MINISTROS |2 CL-VaPUC |9 377807 | |
| 583 | |a last modification |c 20130925 07:03:01 |k Rodrigo Vera | ||
| 490 | 0 | |a Biblioteca del Partido Conservador Chileno, 1 | |
| 999 | |c 264123 |d 264121 | ||
| 952 | |0 0 |1 0 |2 ddc |4 0 |5 1 |6 328_350000000000000_IRA_1892 |7 1 |8 C_LRYV |9 293892 |a FDOBRV |b BIBDER |d 2019-11-19 |h v.1 |i 1914758 |o 328.35 IRA 1892 |p 1914758 |r 2023-01-25 |w 2019-11-19 |y BK_X |k BRV | ||